[Event "SR 3. liga A2 2008/2009"]
[Site "?"]
[Date "2009.02.08"]
[Round "7.1"]
[White "Sekera, Branislav"]
[Black "Lesny, Stefan"]
[Result "1-0"]
[WhiteElo "2138"]
[BlackElo "2105"]
[PlyCount "87"]
[EventDate "2008.??.??"]

1. Nf3 d5 2. g3 c5 3. Bg2 Nc6 4. O-O e5 5. d3 Nf6 6. Nc3 h6 7. Bd2 Be6 8. e3
Rc8 9. Nh4 Be7 10. f4 Bg4 11. Qe1 g5 12. fxe5 gxh4 13. exf6 Bd6 14. Nxd5 hxg3
15. hxg3 Rg8 16. e4 Be6 17. Nf4 Qd7 18. Bc3 Ne5 19. Nh5 Rg6 20. Ng7+ Kd8 21.
Nf5 Kc7 22. d4 cxd4 23. Bxd4 Nc6 24. Nxd6 Qxd6 25. Be3 Kb8 26. Rd1 Qb4 27. c3
Qxb2 28. Rb1 Qa3 29. Rf2 Nd8 30. Bd4 Rg5 31. Qe3 Nc6 32. Rfb2 Rc7 33. e5 Nd8
34. Qf3 Qa6 35. Qf2 Bc8 36. Bf1 Qa5 37. Rb5 Qa4 38. R1b4 Qa3 39. Bc5 Qxc3 40.
Bxa7+ Ka8 41. Be3 Bd7 42. Ra5+ Kb8 43. Bxg5 Nc6 44. Bd2 1-0

[Event "SR 3. liga A2 2008/2009"]
[Site "?"]
[Date "2009.02.08"]
[Round "7.2"]
[White "Kolesar, Rastislav"]
[Black "Sturdik, Igor"]
[Result "1/2-1/2"]
[WhiteElo "1978"]
[BlackElo "2022"]
[PlyCount "38"]
[EventDate "2008.??.??"]

1. e4 Nf6 2. e5 Nd5 3. c4 Nb6 4. d4 d6 5. exd6 exd6 6. h3 Bf5 7. Nf3 Be7 8. Be2
O-O 9. O-O Nc6 10. a3 Bf6 11. Nc3 Re8 12. Re1 a6 13. Bf4 Nd7 14. Rc1 Nf8 15. d5
Ne5 16. Nxe5 Bxe5 17. Bxe5 Rxe5 18. Qd2 Qf6 19. Bd3 Rae8 $11 1/2-1/2

[Event "SR 3. liga A2 2008/2009"]
[Site "?"]
[Date "2009.02.08"]
[Round "7.3"]
[White "Lukac, Tomas"]
[Black "Ujhelyi, Matus"]
[Result "1/2-1/2"]
[WhiteElo "1824"]
[BlackElo "1926"]
[PlyCount "84"]
[EventDate "2008.??.??"]

1. e4 e6 2. d4 d5 3. exd5 exd5 4. Bd3 Bd6 5. Ne2 Bg4 6. O-O Ne7 7. Re1 Nbc6 8.
c3 Qd7 9. Nd2 O-O-O 10. b4 Ng6 11. Nf1 Rhe8 12. Qc2 Nce7 13. Neg3 Bf4 14. Bxf4
Nxf4 15. Ne3 Nxd3 16. Qxd3 h5 17. Ngf1 Bf5 18. Qe2 Bg6 19. a4 Nf5 20. Qb5 Nxe3
21. Qxd7+ Rxd7 22. Rxe3 Rxe3 23. Nxe3 Bd3 24. Re1 Kd8 25. f3 c6 26. a5 b6 27.
axb6 axb6 28. Ra1 Ke7 29. Ra8 Kd6 30. h4 g6 31. Kf2 c5 32. bxc5+ bxc5 33. Rc8
cxd4 34. cxd4 Ba6 35. Rc5 Bb7 36. g4 hxg4 37. fxg4 Rd8 38. Ra5 Rh8 39. Kg3 Re8
40. Kf3 Rh8 41. Kg3 Re8 42. Kf3 Rh8 1/2-1/2

[Event "SR 3. liga A2 2008/2009"]
[Site "?"]
[Date "2009.02.08"]
[Round "7.4"]
[White "Obdrzalkova, Anitta"]
[Black "Lopatievov, Alexander"]
[Result "1/2-1/2"]
[WhiteElo "2005"]
[BlackElo "2020"]
[PlyCount "71"]
[EventDate "2008.??.??"]

1. d4 d5 2. Nf3 Nf6 3. c4 c6 4. Nc3 e6 5. cxd5 exd5 6. Qc2 Be7 7. Bg5 h6 8. Bh4
O-O 9. e3 Bg4 10. Ne5 Bh5 11. Bd3 Nbd7 12. Nxd7 Nxd7 13. Bxe7 Qxe7 14. h3 Qf6
15. O-O Bg6 16. Bxg6 fxg6 17. Rac1 Nb6 18. Na4 Nc4 19. b3 Nd6 20. Nc5 Rf7 21.
Nd3 Qf5 22. Ne5 Qxc2 23. Rxc2 Rf6 24. Rfc1 Kh7 25. a3 g5 26. f3 Re8 27. Re1 a6
28. b4 h5 29. a4 Re7 30. Rc5 Kh6 31. Rc3 g6 32. g3 Nf7 33. f4 Nd6 34. Rc2 Ne4
35. h4 g4 36. Kg2 1/2-1/2

[Event "SR 3. liga A2 2008/2009"]
[Site "?"]
[Date "2009.02.08"]
[Round "7.5"]
[White "Kozinka, Roman"]
[Black "Gutdeutsch, Otto"]
[Result "1/2-1/2"]
[WhiteElo "2012"]
[BlackElo "1972"]
[PlyCount "148"]
[EventDate "2008.??.??"]

1. e4 e5 2. Nf3 Nc6 3. Bb5 Bc5 4. O-O Nf6 5. Qe2 O-O 6. c3 Re8 7. b4 Bb6 8. Bc4
d6 9. a4 a6 10. d3 h6 11. Nbd2 Be6 12. Bxe6 Rxe6 13. Nc4 Ba7 14. b5 axb5 15.
axb5 Ne7 16. Be3 Bxe3 17. Nxe3 Rxa1 18. Rxa1 d5 19. Nf5 dxe4 20. dxe4 Kh7 21.
Rd1 Qc8 22. N3h4 g6 23. Nxe7 Rxe7 24. h3 Nh5 25. Qc4 Nf4 26. Nf3 f6 27. Kh2 Rd7
28. Rxd7+ Qxd7 29. Qc5 Ne6 30. Qc4 b6 31. Ne1 Nc5 32. Qe2 Nb7 33. Nc2 Nd6 34.
c4 Qf7 35. Na3 Qe7 36. Nb1 Qe6 37. Nd2 Kg7 38. Qd3 f5 39. exf5 gxf5 40. Qg3+
Kf8 41. Qh4 Ke8 42. Qh5+ Kd7 43. Qe2 e4 44. g3 Nf7 45. Qe3 Ne5 46. Qf4 Kc8 47.
Kg2 Nd3 48. Qe3 Kb7 49. Qd4 Qe5 50. Qd7 Qc5 51. Qd5+ Qxd5 52. cxd5 Nb4 53. g4
fxg4 54. hxg4 e3 55. fxe3 Nxd5 56. Kf3 Nc3 57. e4 Nxb5 58. Kf4 Nd4 59. Ke5 c5
60. Kd6 Kc8 61. e5 Kd8 62. e6 Nb5+ 63. Kc6 Nd4+ 64. Kxb6 Nxe6 65. Kc6 Ke7 66.
Kd5 Kf7 67. Ne4 $11 Ke7 68. Nxc5 Nxc5 69. Kxc5 Kf6 70. Kd4 Kg5 71. Ke3 Kxg4 72.
Kf2 Kh3 73. Kg1 h5 74. Kh1 h4 1/2-1/2

[Event "SR 3. liga A2 2008/2009"]
[Site "?"]
[Date "2009.02.08"]
[Round "7.6"]
[White "Takacs, Laszlo"]
[Black "Zarecky, Eduard"]
[Result "1-0"]
[WhiteElo "1726"]
[BlackElo "1948"]
[PlyCount "47"]
[EventDate "2008.??.??"]

1. e4 e5 2. Nf3 d6 3. d4 Nc6 4. Bb5 exd4 5. Nxd4 Bd7 6. c4 a6 7. Bxc6 bxc6 8.
Nc3 g6 9. O-O Bg7 10. Re1 Ne7 11. Bg5 f6 12. Be3 c5 13. Nb3 O-O 14. Qd2 Be6 15.
Nd5 Nc6 16. Rad1 Ne5 17. Qc2 Bxd5 18. exd5 Qd7 19. h3 Rae8 20. Nd2 Rf7 21. f4
Rfe7 22. fxe5 Rxe5 23. Bf2 f5 24. Nf3 1-0

[Event "SR 3. liga A2 2008/2009"]
[Site "?"]
[Date "2009.02.08"]
[Round "7.7"]
[White "Mackovic, Miroslav"]
[Black "Kahancova, Ivana"]
[Result "1-0"]
[WhiteElo "1972"]
[BlackElo "1700"]
[PlyCount "93"]
[EventDate "2008.??.??"]

1. e4 e6 2. d4 d5 3. Nc3 Nf6 4. e5 Nfd7 5. Nce2 c5 6. c3 Nc6 7. f4 Be7 8. Nf3
cxd4 9. cxd4 f6 10. exf6 Nxf6 11. Nc3 O-O 12. Bd3 Bd6 13. O-O Nb4 14. Bb1 a6
15. Re1 Qc7 16. g3 Bd7 17. a3 Nc6 18. Ng5 Rae8 19. Qd3 h6 20. Nh7 Rf7 21. Nxf6+
gxf6 22. Qg6+ Rg7 23. Qxf6 Rf8 24. Qxh6 Nxd4 25. Rf1 Nf5 26. Bxf5 Rxf5 27. Be3
Bc5 28. Bxc5 Qxc5+ 29. Rf2 e5 30. Ne2 exf4 31. Nxf4 Qe3 32. Qh4 d4 33. Rd1 Bc6
34. Qd8+ Rf8 35. Qxd4 Qe8 36. Qc4+ Kh8 37. Qe6 Kh7 38. Rd6 Qxe6 39. Nxe6 Rxf2
40. Kxf2 Rf7+ 41. Nf4 Kg7 42. Ke3 Re7+ 43. Kd4 Re4+ 44. Kd3 Re7 45. h4 Bf3 46.
Ne6+ Kg8 47. Rd8+ 1-0

[Event "SR 3. liga A2 2008/2009"]
[Site "?"]
[Date "2009.02.08"]
[Round "7.8"]
[White "Mezei, Tibor"]
[Black "Gajarsky, Julius"]
[Result "1/2-1/2"]
[WhiteElo "1640"]
[BlackElo "1807"]
[PlyCount "94"]
[EventDate "2008.??.??"]

1. e4 c5 2. Nf3 d6 3. Bc4 e6 4. d4 cxd4 5. Nxd4 Nc6 6. Nxc6 bxc6 7. Nc3 Qb6 8.
b3 Ba6 9. Qd3 Bxc4 10. Qxc4 d5 11. exd5 cxd5 12. Qa4+ Kd8 13. O-O Rc8 14. Be3
Bc5 15. Bxc5 Rxc5 16. Qd4 e5 17. Qxe5 f6 18. Qg3 Qc7 19. Qxc7+ Kxc7 20. Ne2
Rxc2 21. Rfc1 Rxc1+ 22. Rxc1+ Kb7 23. f3 Ne7 24. Nf4 Rc8 25. Re1 Rc7 26. Ne6
Rc2 27. Nd4 Rc7 28. Ne6 Rc2 29. Nxg7 Nc6 30. Rd1 Ne7 31. a4 Kb6 32. Ne8 Rc6 33.
Kf2 Ka5 34. Rd4 Rc2+ 35. Kf1 Rb2 36. Nxf6 Rxb3 37. Nxd5 Nxd5 38. Rxd5+ Kxa4 39.
Ke2 a5 40. Kd1 Rb2 41. Rg5 Kb4 42. Kc1 Rf2 43. h3 a4 44. Rg3 a3 45. Kb1 Rf1+
46. Ka2 Rf2+ 47. Kb1 Rf1+ 1/2-1/2

[Event "SR 3. liga A2 2008/2009"]
[Site "?"]
[Date "2009.02.08"]
[Round "7.1"]
[White "Ivan, Imrich ml"]
[Black "Sulek, Viliam"]
[Result "1/2-1/2"]
[WhiteElo "2049"]
[BlackElo "2132"]
[PlyCount "35"]
[EventDate "2008.??.??"]

1. Nf3 Nf6 2. d4 g6 3. Bf4 Bg7 4. e3 O-O 5. Bd3 d5 6. O-O b6 7. Ne5 Bb7 8. c3
Nbd7 9. Nd2 c5 10. Qa4 Nxe5 11. Bxe5 Qd7 12. Qxd7 Nxd7 13. Bxg7 Kxg7 14. Be2
Nf6 15. Bf3 e6 16. Rab1 cxd4 17. cxd4 Rfc8 18. Rbc1 1/2-1/2

[Event "SR 3. liga A2 2008/2009"]
[Site "?"]
[Date "2009.02.08"]
[Round "7.2"]
[White "Szekely, Stefan"]
[Black "Vizvari, Ludovit"]
[Result "1/2-1/2"]
[WhiteElo "2038"]
[BlackElo "2039"]
[PlyCount "103"]
[EventDate "2008.??.??"]

1. c4 c5 2. Nc3 Nf6 3. d3 Nc6 4. Nf3 g6 5. g3 Bg7 6. Bg2 O-O 7. O-O d6 8. Rb1
Bd7 9. h3 a6 10. Kh2 Rb8 11. Re1 b5 12. Nd5 e6 13. Nxf6+ Bxf6 14. Bh6 Re8 15.
b3 d5 16. cxd5 exd5 17. Bf4 Rb7 18. Rc1 Qb6 19. Bd6 Be7 20. Bxe7 Rxe7 21. Qc2
c4 22. dxc4 dxc4 23. bxc4 bxc4 24. Qxc4 Be6 25. Qc5 Qxc5 26. Rxc5 Nb4 27. Ng5
Rbc7 28. Rxc7 Rxc7 29. Nxe6 fxe6 30. a3 Nd5 31. Bxd5 exd5 32. e4 dxe4 33. Rxe4
Rc2 34. Kg2 Kf7 35. Ra4 Rc6 36. h4 Ke6 37. f4 Kd5 38. Kf3 Kc5 39. Ke2 Kb5 40.
Re4 Rc3 41. Kf2 Rxa3 42. Re7 h5 43. Rg7 Ra2+ 44. Kf3 Ra3+ 45. Kf2 Ra2+ 46. Ke1
a5 47. Rxg6 a4 48. Rg5+ Kb4 49. Rg8 Rg2 50. Rb8+ Kc3 51. Kd1 Rxg3 52. Ra8
1/2-1/2

[Event "SR 3. liga A2 2008/2009"]
[Site "?"]
[Date "2009.02.08"]
[Round "7.3"]
[White "Szitasi, Janos"]
[Black "Puobis, Jozef"]
[Result "1/2-1/2"]
[WhiteElo "1972"]
[BlackElo "2015"]
[PlyCount "43"]
[EventDate "2008.??.??"]

1. d4 d5 2. c4 Nc6 3. Nc3 dxc4 4. e3 e5 5. d5 Na5 6. Qa4+ c6 7. Bxc4 Nxc4 8.
Qxc4 Bd7 9. e4 Rc8 10. Nf3 Qc7 11. dxc6 Bxc6 12. Be3 Nf6 13. O-O Bxe4 14. Qxc7
Rxc7 15. Nxe4 Nxe4 16. Nxe5 Bd6 17. Nf3 b6 18. Rfe1 Re7 19. Nd2 Nxd2 20. Bxd2
O-O 21. Rxe7 Bxe7 22. Bc3 1/2-1/2

[Event "SR 3. liga A2 2008/2009"]
[Site "?"]
[Date "2009.02.08"]
[Round "7.4"]
[White "Kosar, Mikulas ml"]
[Black "Szabo, Gabor"]
[Result "1/2-1/2"]
[WhiteElo "1891"]
[BlackElo "1902"]
[PlyCount "29"]
[EventDate "2008.??.??"]

1. e4 e5 2. Nf3 Nc6 3. Bc4 Nf6 4. Ng5 d5 5. exd5 Na5 6. Bb5+ Bd7 7. Qe2 Bd6 8.
Bxd7+ Qxd7 9. c4 h6 10. Nf3 O-O 11. Nc3 Qg4 12. O-O Qxc4 13. Re1 Qxe2 14. Rxe2
Rfe8 15. d3 1/2-1/2

[Event "SR 3. liga A2 2008/2009"]
[Site "?"]
[Date "2009.02.08"]
[Round "7.5"]
[White "Vegh, Vince"]
[Black "Bott, Tamas"]
[Result "1-0"]
[WhiteElo "1917"]
[BlackElo "1807"]
[PlyCount "113"]
[EventDate "2008.??.??"]

1. e4 c5 2. Nf3 Nc6 3. c3 d5 4. exd5 Qxd5 5. Be2 Nf6 6. O-O e5 7. d3 Be7 8. c4
Qd6 9. Nc3 Be6 10. Nb5 Qd8 11. Ng5 Bf5 12. Nc3 O-O 13. f3 h6 14. Nge4 Be6 15.
Be3 Nd7 16. a3 f5 17. Nd2 Nf6 18. f4 a6 19. fxe5 Nxe5 20. Nf3 Nxf3+ 21. Rxf3
Ng4 22. Bf4 Bf6 23. Qe1 Ne5 24. Re3 Ng6 25. Bxh6 Bd4 26. Kh1 Bxe3 27. Bxe3 b6
28. Bf3 Rc8 29. Bb7 Rc7 30. Bxa6 Qxd3 31. Rd1 Qc2 32. Bxc5 Re8 33. Bb5 bxc5 34.
Bxe8 Nf4 35. Rd2 Qb3 36. Rf2 Re7 37. Rxf4 Rxe8 38. Rxf5 Bd7 39. Re5 Rxe5 40.
Qxe5 Qxb2 41. h3 Qb7 42. Nd5 Bc6 43. Ne7+ Kf8 44. Nxc6 Qxc6 45. a4 Qxa4 46.
Qxc5+ Kf7 47. Qd5+ Ke7 48. c5 Qa6 49. Qd6+ Qxd6 50. cxd6+ Kxd6 51. Kh2 Ke5 52.
Kg3 Kf5 53. Kf3 g5 54. Kg3 Kf6 55. Kg4 Kg6 56. h4 gxh4 57. Kxh4 1-0

[Event "SR 3. liga A2 2008/2009"]
[Site "?"]
[Date "2009.02.08"]
[Round "7.6"]
[White "Sido, Daniel"]
[Black "Ivan, Imrich st"]
[Result "0-1"]
[WhiteElo "1769"]
[BlackElo "1876"]
[PlyCount "62"]
[EventDate "2008.??.??"]

1. e4 e5 2. Nc3 d6 3. f4 exf4 4. Nf3 Nc6 5. Bb5 Bd7 6. d4 a6 7. Bxc6 Bxc6 8.
Bxf4 Nf6 9. Qe2 Be7 10. O-O-O O-O 11. h3 Qc8 12. g4 Ne8 13. g5 g6 14. a3 b5 15.
Na2 Qb7 16. Nb4 Bxe4 17. d5 a5 18. Nd3 Bxd5 19. h4 c5 20. h5 Bxf3 21. Qh2 Bxh1
22. Rxh1 Qe4 23. hxg6 Qxg6 24. Qg2 Nc7 25. Rh6 Qg7 26. Nf2 Ne6 27. Bd2 Bxg5 28.
Bxg5 Qxg5+ 29. Qxg5+ Nxg5 30. Rxd6 Rfd8 31. Rxd8+ Rxd8 0-1

[Event "SR 3. liga A2 2008/2009"]
[Site "?"]
[Date "2009.02.08"]
[Round "7.7"]
[White "Magyarics, Jozef"]
[Black "Sandor, Stefan"]
[Result "0-1"]
[WhiteElo "1549"]
[BlackElo "1558"]
[PlyCount "78"]
[EventDate "2008.??.??"]

1. e4 e5 2. Nf3 Nf6 3. Nxe5 d6 4. Nf3 Nxe4 5. d3 Nf6 6. Bg5 Be7 7. g3 O-O 8.
Bg2 c6 9. Nc3 d5 10. O-O Bg4 11. Qd2 Nh5 12. Bxe7 Qxe7 13. Rae1 Qf6 14. Re3 Nd7
15. Rfe1 Nc5 16. Ne5 Be6 17. d4 Nd7 18. Rf3 Qe7 19. Nxd7 Qxd7 20. Qg5 Bg4 21.
Rfe3 Nf6 22. Re7 Qc8 23. R7e3 h6 24. Qh4 Qd7 25. Ne2 Rfe8 26. Nf4 Kh7 27. Rxe8
Rxe8 28. Rxe8 Qxe8 29. f3 g5 30. Nh5 Bxh5 31. Qh3 g4 32. fxg4 Bxg4 33. Qh4 Qe1+
34. Bf1 Qe3+ 35. Kg2 Ne4 36. Qxg4 Qf2+ 37. Kh3 Qxf1+ 38. Kh4 Qf6+ 39. Kh3 Nf2+
0-1

[Event "SR 3. liga A2 2008/2009"]
[Site "?"]
[Date "2009.02.08"]
[Round "7.8"]
[White "Bertalan, Balint"]
[Black "Magyarics, Tamas"]
[Result "1-0"]
[WhiteElo "1350"]
[BlackElo "1506"]
[PlyCount "45"]
[EventDate "2008.??.??"]

1. e4 e5 2. Nf3 Nc6 3. d4 exd4 4. Bc4 Bc5 5. c3 dxc3 6. Bxf7+ Kxf7 7. Qd5+ Kf8
8. Qxc5+ d6 9. Qxc3 h6 10. O-O Be6 11. Re1 Nge7 12. Bf4 Qe8 13. Nbd2 a6 14.
Rad1 Qf7 15. g3 Bxa2 16. b3 Rg8 17. Ra1 g5 18. Be3 Bxb3 19. Qxb3 Qxb3 20. Nxb3
g4 21. Bxh6+ Kf7 22. Nh4 Ne5 23. Rac1 1-0

[Event "SR 3. liga A2 2008/2009"]
[Site "?"]
[Date "2009.02.08"]
[Round "7.1"]
[White "Ambros, Rafael"]
[Black "Hudacek, Josef"]
[Result "1/2-1/2"]
[WhiteElo "2082"]
[BlackElo "2065"]
[PlyCount "29"]
[EventDate "2008.??.??"]

1. e4 g6 2. Nc3 Bg7 3. Nge2 d6 4. g3 e5 5. Bg2 Nc6 6. O-O Nge7 7. d3 O-O 8. Be3
h6 9. Qd2 Kh7 10. f4 f5 11. h3 Be6 12. a4 Qd7 13. Kh2 Rf7 14. Rf2 Raf8 15. Raf1
1/2-1/2

[Event "SR 3. liga A2 2008/2009"]
[Site "?"]
[Date "2009.02.08"]
[Round "7.2"]
[White "Kubis, Ivan"]
[Black "Pribila, Michal"]
[Result "0-1"]
[WhiteElo "2042"]
[BlackElo "2099"]
[PlyCount "68"]
[EventDate "2008.??.??"]

1. e4 c5 2. Nf3 d6 3. d4 cxd4 4. Nxd4 Nf6 5. Nc3 Nc6 6. Bg5 e6 7. Qd2 a6 8.
O-O-O Bd7 9. Bc4 h6 10. Be3 Be7 11. Bb3 Ng4 12. f4 Nxe3 13. Qxe3 Na5 14. Kb1
Nxb3 15. axb3 b5 16. Qg3 O-O 17. f5 b4 18. Na4 e5 19. Nf3 Qc7 20. Qf2 Rab8 21.
Nd2 Rfc8 22. Rc1 Qa5 23. h4 Bxa4 24. bxa4 Qxa4 25. Nb3 Qc6 26. Qe3 a5 27. Nxa5
Qa6 28. Nb3 Ra8 29. Rcd1 Bd8 30. Rd5 Bb6 31. Qh3 Qa2+ 32. Kc1 Bd4 33. Nxd4 exd4
34. Rxd6 b3 0-1

[Event "SR 3. liga A2 2008/2009"]
[Site "?"]
[Date "2009.02.08"]
[Round "7.3"]
[White "Pribila, Gerhard"]
[Black "Londin, Martin"]
[Result "1-0"]
[WhiteElo "2013"]
[BlackElo "1996"]
[PlyCount "115"]
[EventDate "2008.??.??"]

1. e4 e5 2. Nf3 Nc6 3. d4 exd4 4. Bc4 d6 5. Nxd4 Nxd4 6. Qxd4 Qf6 7. Qd3 Be6 8.
Bxe6 fxe6 9. Qb5+ Kf7 10. Qxb7 Qd8 11. O-O Nf6 12. Nc3 Be7 13. b3 Qd7 14. Qa6
h6 15. Bb2 g5 16. Rad1 e5 17. Qc4+ Kg6 18. Ne2 Qe8 19. Ng3 Qf7 20. Qxf7+ Kxf7
21. f3 Rab8 22. Nf5 h5 23. Ne3 Rbg8 24. Nd5 Bd8 25. Nxf6 Bxf6 26. Rd5 Rb8 27.
c4 Ke6 28. Rfd1 Be7 29. Ra5 Rb7 30. Ra6 Kf7 31. c5 Ra8 32. Ba3 dxc5 33. Rc6 Rd8
34. Rxd8 Bxd8 35. Bxc5 a5 36. Ba3 Rb5 37. Kf1 Ke8 38. Ke2 Kd7 39. Rc5 c6 40.
Rxb5 cxb5 41. Bc1 h4 42. Kd3 Kc6 43. Ba3 Bf6 44. Bf8 Bd8 45. a4 Bf6 46. Kc3 Kb6
47. axb5 Kxb5 48. Kd3 Kc6 49. Kc4 Bd8 50. Bg7 Kd6 51. Kb5 Be7 52. Kxa5 Ke6 53.
b4 Bd6 54. b5 Kf7 55. Bh8 Ke6 56. b6 Kd7 57. Kb5 Bb8 58. Bf6 1-0

[Event "SR 3. liga A2 2008/2009"]
[Site "?"]
[Date "2009.02.08"]
[Round "7.4"]
[White "Vepy, Ivan"]
[Black "Kocak, Branislav"]
[Result "0-1"]
[WhiteElo "1941"]
[BlackElo "1896"]
[PlyCount "90"]
[EventDate "2008.??.??"]

1. e4 c5 2. Nf3 d6 3. d4 cxd4 4. Nxd4 Nf6 5. Nc3 a6 6. Bg5 e5 7. Nb3 Be6 8. Be2
Be7 9. Qd2 Nbd7 10. f4 exf4 11. Bxf4 Ne5 12. O-O-O Qc7 13. Bxe5 dxe5 14. Qe3
Rc8 15. Kb1 O-O 16. h3 b5 17. Bd3 Bc4 18. Qe2 Bxd3 19. Rxd3 Rfd8 20. Rhd1 b4
21. Nd5 Nxd5 22. exd5 a5 23. Na1 a4 24. Qe4 Bd6 25. Rf1 Qc4 26. Qf5 Rc7 27. Re1
Rdc8 28. Re4 Qxd3 29. Qxc8+ Rxc8 30. cxd3 f5 31. Rc4 Rxc4 32. dxc4 h5 33. Nc2
Kf7 34. Kc1 Bc5 35. Kd2 Kf6 36. a3 bxa3 37. bxa3 e4 38. Kc3 f4 39. Kd2 g5 40.
Ke2 g4 41. hxg4 hxg4 42. Kd2 Ke5 43. Ke1 f3 44. gxf3 exf3 45. Kf1 g3 0-1

[Event "SR 3. liga A2 2008/2009"]
[Site "?"]
[Date "2009.02.08"]
[Round "7.5"]
[White "Brunovsky, Peter"]
[Black "Vach, Jozef"]
[Result "0-1"]
[WhiteElo "1753"]
[BlackElo "1917"]
[PlyCount "89"]
[EventDate "2008.??.??"]

1. d4 f5 2. c4 Nf6 3. Nf3 e6 4. g3 g6 5. Bg2 Bg7 6. O-O O-O 7. Nbd2 d6 8. b3
Nbd7 9. Bb2 Qe8 10. Ng5 h6 11. Nh3 e5 12. dxe5 dxe5 13. Ba3 Rf7 14. e4 fxe4 15.
Nxe4 Nxe4 16. Bxe4 Nf6 17. Bg2 Bf5 18. Qe2 Qc8 19. g4 Bxg4 20. Qe3 g5 21. Kh1
c6 22. Ng1 e4 23. Rae1 Bf5 24. Rd1 Ng4 25. Qe2 Be5 26. h3 Nf6 27. Rd2 Bf4 28.
Rd4 c5 29. Rdd1 Qc7 30. Bb2 Re8 31. Bxf6 Rxf6 32. Rd5 Qe7 33. Re1 Kf8 34. Qh5
Kg7 35. Rxf5 Rxf5 36. Bxe4 Qf7 37. Qg4 Rfe5 38. f3 Rd8 39. Ne2 Rd2 40. Nc3 h5
41. Qc8 Bg3 42. Rf1 Re8 43. Qxc5 Bf4 44. Nd5 Re5 45. Qc8 0-1

[Event "SR 3. liga A2 2008/2009"]
[Site "?"]
[Date "2009.02.08"]
[Round "7.6"]
[White "Hrubsa, Marian"]
[Black "Zajicek, Ferdinand"]
[Result "0-1"]
[WhiteElo "1909"]
[BlackElo "1946"]
[PlyCount "112"]
[EventDate "2008.??.??"]

1. e4 e5 2. Nf3 Nc6 3. Bb5 d6 4. d4 exd4 5. Qxd4 Bd7 6. Bxc6 Bxc6 7. Nc3 Nf6 8.
Bg5 Be7 9. O-O-O O-O 10. Rhe1 Nd7 11. h4 Bf6 12. Qd2 Re8 13. Nd4 Nc5 14. f3 Ne6
15. Bxf6 Qxf6 16. Nf5 g6 17. Qh6 Ng7 18. g4 Re6 19. Nd4 Ree8 20. h5 Ne6 21.
Nxe6 Rxe6 22. hxg6 Qxg6 23. Qd2 Rf6 24. f4 h6 25. f5 Qg5 26. Rh1 Qxd2+ 27. Rxd2
Kg7 28. Rh5 Re8 29. Re2 b5 30. a3 a5 31. g5 hxg5 32. Rxg5+ Kf8 33. b4 axb4 34.
axb4 Re5 35. Rh2 Bxe4 36. Rh8+ Ke7 37. Rgg8 Bxf5 38. Re8+ Kd7 39. Rd8+ Kc6 40.
Ra8 Bg6 41. Ra6+ Kd7 42. Rh2 Rf4 43. Na2 Rfe4 44. Ra5 Re2 45. Rxe2 Rxe2 46. c3
Bd3 47. Kd1 Bc4 48. Nc1 Rh2 49. Ra7 f5 50. Ra8 Ke7 51. Rc8 f4 52. Rxc7+ Ke6 53.
Rc8 f3 54. Rf8 f2 55. Ne2 f1=Q+ 56. Rxf1 Bxe2+ 0-1

[Event "SR 3. liga A2 2008/2009"]
[Site "?"]
[Date "2009.02.08"]
[Round "7.7"]
[White "Kastler, Peter"]
[Black "Brisudova, Veronika"]
[Result "0-1"]
[WhiteElo "1690"]
[BlackElo "1777"]
[PlyCount "52"]
[EventDate "2008.??.??"]

1. d4 d5 2. c4 c6 3. Nf3 Nf6 4. Nc3 e6 5. Bg5 dxc4 6. e4 b5 7. e5 h6 8. Bh4 g5
9. Nxg5 hxg5 10. Bxg5 Nbd7 11. exf6 Bb7 12. Be2 Qb6 13. Bf3 O-O-O 14. O-O Ne5
15. Be3 Nxf3+ 16. Qxf3 Bd6 17. g3 Qc7 18. Qe2 Rdg8 19. f4 Qd8 20. Ne4 c5 21.
Qc2 Bc7 22. Nd2 cxd4 23. Bf2 Qd5 24. Ne4 d3 25. Qd2 Qxe4 26. Be1 Bb6+ 0-1

[Event "SR 3. liga A2 2008/2009"]
[Site "?"]
[Date "2009.02.08"]
[Round "7.8"]
[White "Berger, Patrik"]
[Black "Valla, Tomas"]
[Result "0-1"]
[WhiteElo "1556"]
[BlackElo "1350"]
[PlyCount "106"]
[EventDate "2008.??.??"]

1. e4 c5 2. Nf3 d6 3. d4 cxd4 4. Nxd4 Nf6 5. Nc3 g6 6. Be3 Bg7 7. Be2 O-O 8.
Qd2 Nc6 9. f3 Bd7 10. O-O-O Rb8 11. Kb1 Na5 12. Bh6 Bxh6 13. Qxh6 b5 14. h4 b4
15. Nd5 Nxd5 16. exd5 e5 17. h5 Qf6 18. hxg6 Qxg6 19. Bd3 f5 20. g4 exd4 21.
gxf5 Qxh6 22. Rxh6 Bxf5 23. Bxf5 Rxf5 24. Rg1+ Kh8 25. Rgh1 Rf7 26. Rxd6 Nc4
27. Rdh6 Nd2+ 28. Kc1 Nxf3 29. Rf1 Ne5 30. Re1 Ng6 31. Reh1 Kg8 32. Rg1 Rbf8
33. Rh4 Rf4 34. Rxf4 Rxf4 35. Kd2 Rf5 36. Kd3 Rxd5 37. Kc4 Rd7 38. Kxb4 d3 39.
cxd3 Rxd3 40. Kc4 Rd7 41. b4 Kf7 42. a4 Ne5+ 43. Kc5 Ke6 44. b5 h5 45. Rh1 Rc7+
46. Kb4 Rc4+ 47. Ka5 h4 48. Rh3 Nd7 49. Ra3 Nb6 50. Ka6 Rxa4+ 51. Rxa4 Nxa4 52.
Kxa7 h3 53. b6 Nxb6 0-1

[Event "SR 3. liga A2 2008/2009"]
[Site "?"]
[Date "2009.02.08"]
[Round "7.1"]
[White "Horak, Ivan"]
[Black "Hecko, Dusan"]
[Result "1/2-1/2"]
[WhiteElo "2138"]
[BlackElo "2160"]
[PlyCount "96"]
[EventDate "2008.??.??"]

1. e4 e5 2. Nf3 Nc6 3. Bb5 d6 4. d4 exd4 5. Nxd4 Bd7 6. O-O Nf6 7. Nc3 Nxd4 8.
Bxd7+ Qxd7 9. Qxd4 Be7 10. Bg5 O-O 11. Rad1 Qg4 12. f4 h6 13. h3 Qh5 14. Bxf6
Bxf6 15. Qc4 Bxc3 16. Qxc3 Qc5+ 17. Qxc5 dxc5 18. Rd7 Rac8 19. Kf2 Rfe8 20. Kf3
Re6 21. Rfd1 Kf8 22. Rd8+ Rxd8 23. Rxd8+ Ke7 24. Rd5 b6 25. e5 g6 26. g4 f6 27.
Ke4 c4 28. h4 a6 29. Kd4 Rc6 30. exf6+ Rxf6 31. Ke4 b5 32. f5 gxf5+ 33. Rxf5
Rd6 34. Rd5 Rf6 35. Rd2 Re6+ 36. Kf3 Rf6+ 37. Kg3 Re6 38. g5 hxg5 39. hxg5 c3
40. bxc3 Re3+ 41. Kg4 Rxc3 42. Rf2 Re3 43. g6 Re1 44. Rf7+ Ke8 45. Rxc7 Kf8 46.
Kf5 Rf1+ 47. Ke5 Re1+ 48. Kf6 Rf1+ 1/2-1/2

[Event "SR 3. liga A2 2008/2009"]
[Site "?"]
[Date "2009.02.08"]
[Round "7.2"]
[White "Diviak, Rastislav"]
[Black "Kovarik, Oto"]
[Result "1-0"]
[WhiteElo "2022"]
[BlackElo "2052"]
[PlyCount "119"]
[EventDate "2008.??.??"]

1. e4 c5 2. Nf3 d6 3. d4 cxd4 4. Nxd4 Nf6 5. Nc3 a6 6. Be2 e6 7. O-O Be7 8. f4
O-O 9. Kh1 Nc6 10. Be3 Bd7 11. Bf3 Qc7 12. Qe1 b5 13. a3 Rac8 14. Nxc6 Bxc6 15.
Rd1 Nd7 16. Qg3 a5 17. Ne2 Bf6 18. Nd4 Nb8 19. c3 Bd7 20. Be2 Qb7 21. e5 Be7
22. f5 exf5 23. Bh6 g6 24. Bxf8 Bxf8 25. Nxf5 dxe5 26. Nd6 Bxd6 27. Rxd6 Nc6
28. Rfd1 Be8 29. Bf3 Qe7 30. Bxc6 Bxc6 31. Qe3 a4 32. Qb6 Be8 33. Rd8 Rxd8 34.
Qxd8 Kf8 35. Kg1 h5 36. Rd6 Qxd8 37. Rxd8 Ke7 38. Rb8 Bc6 39. c4 bxc4 40. Rb4
Kd6 41. Rxc4 g5 42. h4 g4 43. g3 f5 44. Kf2 Bb5 45. Rb4 Kc6 46. Ke3 Kc5 47. b3
axb3 48. Rxb3 Bd7 49. Rb8 Ba4 50. Rh8 Kd5 51. Rxh5 Bc2 52. Rg5 Ke6 53. h5 Kf7
54. h6 Kf6 55. Rg7 f4+ 56. gxf4 exf4+ 57. Kxf4 Bf5 58. Rxg4 Bxg4 59. Kxg4 Kg6
60. a4 1-0

[Event "SR 3. liga A2 2008/2009"]
[Site "?"]
[Date "2009.02.08"]
[Round "7.3"]
[White "Sefcik, Marek"]
[Black "Hanzluvka, Peter"]
[Result "1-0"]
[WhiteElo "1997"]
[BlackElo "2038"]
[PlyCount "103"]
[EventDate "2008.??.??"]

1. Nc3 c5 2. d4 cxd4 3. Qxd4 Nc6 4. Qa4 Nf6 5. Nf3 e6 6. e4 d6 7. Bb5 Bd7 8.
O-O a6 9. Bxc6 Bxc6 10. Qd4 Be7 11. a4 O-O 12. Bg5 h6 13. Bd2 Qc7 14. Rfe1 Rfd8
15. a5 d5 16. e5 Ne4 17. Be3 Bc5 18. Qd3 Bxe3 19. Qxe3 Rac8 20. Nd4 Nxc3 21.
Qxc3 Qe7 22. Qd2 Rc7 23. Ra3 Rdc8 24. Rg3 Kh7 25. c3 Rh8 26. f4 Bd7 27. Rh3 Kg8
28. b4 Rc4 29. g4 g6 30. Ree3 Rc8 31. Qf2 g5 32. Rh5 f6 33. exf6 Qxf6 34. fxg5
Qxf2+ 35. Kxf2 Rf8+ 36. Kg3 hxg5 37. Rxg5+ Kf7 38. Rge5 Rh6 39. h4 Rg8 40. g5
Rgg6 41. Kg4 Rg7 42. h5 Rf6 43. Rf3 Rxf3 44. Nxf3 Kg8 45. Nd4 Kf7 46. h6 Rg6
47. Ne2 Rg8 48. Kh5 Rc8 49. g6+ Kf6 50. Re3 e5 51. Rf3+ Ke7 52. h7 1-0